000 00438nam a2200181Ia 4500
008 210210b2016 xxu||||| |||| 00| 0 eng d
020 _a9780199466498
041 _aeng
082 _a598 SPEA
100 _aSPENCER (Michael)
245 _aAccidental birdwatcher
260 _aNew York
_bOxford University Press
_c2016
300 _avii,167
650 _abirdwatcher
650 _aAccidental
690 _aBirds
906 _a071899
999 _c121586
_d121586